000 00576nam a22002170a 4500
001 PT34931
003 AR-LpoUNG
005 20210131230225.0
008 191001s2006||||ag |||||||||||||||||spa d
040 _aAR-LpoUNG
_bspa
_cAR-LpoUNG
_eaacr
041 _aspa
044 _aag
082 0 _a982.062 58ima
245 1 0 _aImágenes de la década peronista :
_b1945-1955
260 _aBuenos Aires :
_bMUNTREF,
_c2006.
300 _a39 p. :
_bil.
653 _aPERONISMO
710 2 _aUniversidad Nacional de Tres de Febrero (Buenos Aires)
905 _a34931
942 _cLIB
999 _c2246
_d2246